00451nam a2200169Ia 450000500170000000800410001704000190005804100120007708200200008910000170010924500700012626000180019630000110021465000200022570000260024585000100027120230515120340.0131103s9999 xx 000 0 und d aLoreto College aEnglish a823.91bJOY-BUR aJoyce, James 2aA shorter finnegans wakecJames Joyce; Edited by Anthony Burgess aLondonbFaber a278p.  aEnglish fiction aBurgess, Anthony; ed. aLCLIB